000 00781nam0a2200229 4500
001 RU\NLR\BIBL_A\011862323
005 20260406114409.0
035 _a(NLR Aleph) 011862323
090 _a13419206
_c13419206
100 _a20181114d1953 |||y0rusy50 ca
101 1 _aady
_crus
102 _aRU
105 _aa z 000 y
200 1 _aШколыр
_eповесть
_fАркадий Гайдар
_gзэзыдзэкIыгъэр И. Хъуажъ
210 _aМыекъуапэ
_cАдыгнациздат
_d1953
215 _a234, [2] с.
_cил.
_d20
541 1 _aШкола
_zrus
700 1 _4070
_7ca
_8rus
_aГайдар
_bА. П.
_f1904-1941
_gАркадий Петрович
_9110298
_3RU\NLR\AUTH\77239
852 _aNLR
_bОНЛ
_jАдыг./2-317
942 _cBOOK
980 _aNB